| 000 | 00922nam a2200241 a 4500 | ||
|---|---|---|---|
| 001 | 45036 | ||
| 003 | BD-RjUL | ||
| 005 | 20211209053943.0 | ||
| 008 | 160721s1969 pk ||||| |||| 00| 0 ben d | ||
| 020 | _c: PRs.1.50 | ||
| 035 | _a(BD-RjUL)45154 | ||
| 040 |
_aBD-RjUL _bben _cBD-RjUL _dBD-RjUL |
||
| 041 | _aben | ||
| 082 |
_223 _a297.63 _bNOB 1969 |
||
| 245 | 0 | 0 |
_aনবী মোস্তফা / _cতালিম হোসেন [সংগ্রাহক] |
| 250 | _a২য় সং. | ||
| 260 |
_aঢাকা : _bপাকিস্তান পাবলিকেশান্স্, _c১৯৬৯ |
||
| 300 |
_a[৬], ১৩১ পৃ. ; _c২২ সেমি. |
||
| 600 |
_aহযরত মুহাম্মদ (সা) _xজীবনী _9237147 |
||
| 600 |
_aHazrat Muhammad (SM) _xBiography _9237148 |
||
| 700 |
_aহোসেন, তালিম, [সংগ্রাহক] _9237149 |
||
| 942 |
_2ddc _cBK |
||
| 999 |
_c45036 _d45036 |
||